| 000 | 00650nam a2200205Ia 4500 | ||
|---|---|---|---|
| 005 | 20250507130248.0 | ||
| 008 | 008 250505s9999 xx 000 0 eng d | ||
| 037 | _aSeries Article | ||
| 040 |
_aEASL _beng _cEASL |
||
| 041 |
_aeng _2eng |
||
| 084 | _qEASL | ||
| 100 |
_aMullins May Tan _9669149 |
||
| 245 | 0 | _aDynamics of international aid in the Chinese context:a case study of the world bank's cixi wetlands project in zhejiang province | |
| 260 |
_aUK _bUK Cambridge Univesity Press UK _c2013 |
||
| 300 | _a1019-1039 | ||
| 650 | _aChina | ||
| 700 |
_aGuangli Grey Chen _9669150 |
||
| 942 | _cSRA | ||
| 999 |
_c1318634 _d1318634 |
||